MDQL
is popping MORE tags! Check the
thread
!
Quizzes
Events
Quiz Creation
Community
Videos
Private Events
Remove Ads
Sign In
Join for FREE
Feedback
Dark Mode
Quiz Categories
Sports
Geography
Music
Movies
Television
Just For Fun
Miscellaneous
History
Literature
Language
Science
Gaming
Entertainment
Religion
Holiday
For Kids
Quiz Lab
Recent
Popular Today
Quiz Kudos Today
Editor Picks
Curator Picks
Quizzes by...
Day
Popularity
Type
Ratings
Length
Year
Community
Subscriptions
Recent Discussions
Orange Saloon
Badges
Playlists
Quests
Create
Leaderboards
Showdown
Live 5
Trivia Bingo
Activity
Puzzle Library
Sporcle Events
Private Events
Virtual Trivia
Globe League
Become a Host
Pub Owners
SporcleCon
Opinionation
Our Games
Videos
Blog
Mobile Apps
Partnerships
Remove Ads and Go Orange
Feedback
Sports
Athletes
MLB
NBA
NHL
NFL
Soccer
Sports Teams
WWE
NCAA
Football
Premier League
Basketball
Baseball
Hockey
Golf
Tennis
Cricket
Rugby
Auto Racing
Olympics
World Cup
Sports
Athletes
MLB
NBA
NHL
NFL
Soccer
Sports Teams
WWE
NCAA
Football
Premier League
Basketball
Baseball
Hockey
Golf
Tennis
Cricket
Rugby
Auto Racing
Olympics
World Cup
Random Quiz
Search Sporcle
×
Quiz Lab
Quiz Lab
Sports
College
Type in answers that appear in a list
Type in answers that appear in a list
Classic
Best Score? Go Orange.
Players Picked Before Aaron Rodgers Stats
Can you name the Players Picked Before Aaron Rodgers?
By
mrpjetfan331
4m
23 Questions
109 Plays
109 Plays
109 Plays
Comments
Comments
Give Quiz Kudos
Give Quiz Kudos
-
- Ratings
hide this ad
More Info
Replay
Link that replays current quiz
Next Quiz
Link to next quiz in quiz playlist
You Got
0%
They Got
Avg Score
41%
Avg Friend Score
Upgrade to see
Score Distribution
Jump to the score distribution portion of the page
Score
0/23
Timer
04:00
0
Plays Today
Team
Name
% Correct
San Francisco 49ers
Alex Smith
99.1%
Tampa Bay Buccaneers
Carnell 'Cadillac' Williams
64.2%
Detroit Lions
Mike Williams
64.2%
Miami Dolphins
Ronnie Brown
61.5%
New Orleans Saints
Jammal Brown
61.5%
Chicago Bears
Cedric Benson
58.7%
Kansas City Chiefs
Derrick Johnson
53.2%
Houston Texans
Travis Johnson
53.2%
Tennessee Titans
Adam 'Pacman' Jones
52.3%
Jacksonville Jaguars
Matt Jones
51.4%
Dallas Cowboys
DeMarcus Ware
47.7%
Cleveland Browns
Braylon Edwards
45%
Team
Name
% Correct
San Diego Chargers
Shawne Merriman
33%
Minnesota Vikings
Troy Williamson
32.1%
Arizona Cardinals
Antrel Rolle
29.4%
Carolina Panthers
Thomas Davis
28.4%
Oakland Raiders
Fabian Washington
22%
Washington Redskins
Carlos Rogers
20.2%
Minnesota Vikings
Erasmus James
20.2%
Cincinnati Bengals
David Pollack
17.4%
Baltimore Ravens
Mark Clayton
14.7%
Dallas Cowboys
Marcus Spears
13.8%
St. Louis Rams
Alex Barron
9.2%
Quiz Playlist
Details
Report
Send in Message
Add To Playlist
More Info:
Name the 23 Players picked before Aaron Rodgers in the 2005 NFL Draft.
Classic:
Type in answers that appear in a list
Quiz Source
Last Updated: Feb 16, 2017
Quiz Scoreboard
CHALLENGE
Sign Up to Join the Scoreboard
Show All
Scores
Hide
Comments
May contain spoilers
Recently Published
Street Fighter Characters
by Artimus82
Gaming
60s
9x9 Crossword: Cartoon Network
by jackfrog10
Miscellaneous
3m
College Basketball Coaching Resumes
by pancakes188
Sports
9m
More to Explore
Quiz From the Vault
Featured Blog Post
Where Did the Easter Bunny Come From?
hide this ad
You Might Also Like...
Tags
College Quiz
Aaron
before
Picked
Player
Roger
team
Today's Top Quizzes in Sports
Browse Sports
hide this ad
Today's Top Quizzes in College
Browse College
Top Contributed Quizzes in Sports
1
2022 World Cup Stars
2
Les meilleurs buteurs des matchs entre le PSG et l’OM
3
FIFA Club World Cup Champions
4
Les entraîneurs de l'OM et du PSG au 21e siècle
5
Criteria MLB: Left Handed Sluggers
6
2023 MLB Unique Player Accomplishments
7
AFC Teams Reveal (Wrong Answers Minefield)
8
Players with Multiple 50 Home Run Seasons
9
5-to-1: FBS Animal Nicknames
10
5-to-1: UK Sports Teams
Explore More
Trending Topics
Harry Potter
Marvel
Disney
Anime
NBA
Kpop
Crossword
The Office
Soccer
Country
NFL
Song
Puzzle
WWE
Pokémon
hide this ad
More By:
mrpjetfan331
Quiz
Plays
Rating
Category
Featured
Created
MLB All Star Game Home Team Representatives (1933-2018)
817
4.33
Sports
Jul 15, 2013
Players Picked Before Aaron Rodgers
109
4.00
Sports
Oct 5, 2013
US Open Men's Seedings (2013)
83
3.00
Sports
Aug 20, 2013
Go to Creator's Profile
Score Distribution
Quiz Creator Spotlight
mrpjetfan331
Follow
Send a Message
Quizzes Created
-
Created Quiz Play Count
-
More By This Creator
Popular Quizzes Today
1
Find the US States - No Outlines Minefield
2
Find the Countries of Europe - No Outlines Minefield
3
The Countries of the World
4
Find the US States
5
Risky Map Clicking: Biggest States A-Z
6
US States
7
Popular People in 1961
8
Movies - When Are They Set?
More Sports Quizzes
F1 Champions' Head-to-Head Qualifying Record
Curator's Pick
Trending Quizzes
Risky Map Clicking: Least Populous States A-Z
1-10 Letter G Words
Risky Map Clicking: Next State Alphabetically
Adjectives in 80s TV Shows
The Seven Year Switch: Catherine
Recently Updated
Leaping Animals
pecheneg
Reality TV Shows (A-Z)
bhenderson79
Rickey Henderson's Hall of Fame Teammates
pecheneg
Champions League XIs: Arsenal
pecheneg
Quick Pick: Celebrities in WWE's Hall of Fame
aduchscher
A-Z Keypad Blitz II
pecheneg
Multiple Oscar Actors
pecheneg
Mystery Phrase Blitz: Oscar 'Best Actors'
pecheneg
F. Scott Fitzgerald Novels
LTH
Pick 3 Villains
ddd62291
Trending Topics
Disney
Crossword
Marvel
Harry Potter
NBA
Kpop
Anime
Country
The Office
Puzzle
Song
NFL
Soccer
WWE
Pokémon
Your Account Isn't Verified!
In order to create a playlist on Sporcle, you need to verify the email address you used during registration. Go to your
Sporcle Settings
to finish the process.
Report this User
Report this user for behavior that violates our
Community Guidelines
.
Details:
Send Report
Go to the Sporcle.com Mobile Site →
Comments